000 02036cam a22004574i 4500
003 PE-LiUPU
005 20250731173202.0
008 150625s r 000 0 d
020 _a8433007254
035 _a(Sirsi) i9788433007254
040 _aPE-LiUPU
_bspa
_cPE-LiUPU
_erda
049 _aPRUA
082 0 4 _a205
_bBC / P39
_221
100 1 _aPelagio y Juan,
_eautor.
245 1 4 _aLas Sentencias de los Padres del Desierto.
250 _a2a.
264 1 _aBilbao :
_bEspañola Desclée De Brouwer,
_c1989.
300 _a372 páginas ;
_c19 centímetros
336 _atext
_2rdacontent
337 _aunmediated
_2rdamedia
338 _avolume
_2rdacarrier
490 0 _aBiblioteca Catecumental
505 0 _aCómo abordar los Apotegmas. - Los silencios de los Apotegmas. -La pregunta esencial: ¿cómo me salvare?. -Dime la palabra. -Cuerpo y alma. -Trabajo y reposo. -Humildad y caridad. -El paraíso de los padres. - De la manera de adelantar en la vida espirital según los padres. -El monje no debe poseer nada. -De la paciencia y de la fortaleza. -No se debe hacer nada para ser visto. -No hay que juzgar a nadie. -Se debe orar continuamente y con vigilancia. -Hay que practicar la hospitalidad y la misericordia con alegría. -De la clarividencia o contemplación . -De los santos ancianos que hacían milagros. -De la extraordinaria vida de varios padres.
526 _aSEG42
526 _aSEG41
526 _aSEG40
526 _aSEG39
526 _aP94
526 _aP87
526 _aP86
526 _aP85
526 _aP77
526 _aP76
526 _aP35
942 _2ddc
_cBOOK
949 _a205 BC / P39
_wDEWEY
_c1
_i37128
_lCCODEBUL1
_mBUL
_r0
_sY
_tBOOK
_u2015-6-25
_xTEOLOGIA
_zUNKNOWN
_0COMPRA
_o.STAFF. Colección General
994 _aC0
_bPEPRU
596 _a1
999 _a205 BC / P39
_wDEWEY
_c37723
_i37128
_f2021-11-11
_g5
_lCCODEBUL1
_mBUL
_r0
_sY
_tBOOK
_u2015-6-25
_xTEOLOGIA
_zUNKNOWN
_0COMPRA
_o.STAFF. Colección General
_d37723
980 _81
_gALBERTO SANCHEZ Responsable de Automatización